| 000 | 00569nam a2200157 i 4500 | ||
|---|---|---|---|
| 001 | 70583 | ||
| 003 | ES-MaACL | ||
| 005 | 20230906170847.0 | ||
| 007 | t| | ||
| 008 | 040728s1945 sp ||||1| spa d | ||
| 100 | 1 |
_aGarcía-Yepes Linares, José. _955454 |
|
| 245 | 1 | 0 |
_aAguas subterráneas _b: origen y circulación del agua subterránea, investigación, alumbramiento, explotación, legislación y jurisprudencia / _cJosé García-Yepes Linares. |
| 260 |
_aMadrid : _bDossat, _c[1945] ( _fEstades) |
||
| 300 |
_a342 p. ; _c22 cm. |
||
| 852 |
_aES-MaACL _jD-209 _bR.21871 |
||
| 999 |
_c70583 _d70583 |
||